| 000 | 00505nam a2200217Ia 4500 | ||
|---|---|---|---|
| 008 | 210210b2007 xxu||||| |||| 00| 0 eng d | ||
| 020 | _a9781588297396 | ||
| 041 | _aeng | ||
| 082 | _a575.12 ANSR | ||
| 100 | _aANSON (Donald S) Ed | ||
| 245 | _aReporter genes: a practical guide | ||
| 260 |
_aNew Jersey _bHumana Press _c2007 |
||
| 300 | _ax,158 | ||
| 650 | _aReporter | ||
| 650 | _apractical | ||
| 650 | _aguide | ||
| 650 | _agenes: | ||
| 650 | _aa | ||
| 690 | _aGenetics | ||
| 906 | _a071649 | ||
| 999 |
_c121358 _d121358 |
||